[Event "First Saturday FM-A Dec 2013"]
[Site "Budapest"]
[Date "2013.12.07"]
[Round "1.1"]
[White "Juhasz, Bela"]
[Black "Nagy, Aron"]
[Result "0-1"]
[WhiteElo "2141"]
[BlackElo "2127"]
[PlyCount "62"]
[EventDate "2013.12.07"]

1. Nf3 Nf6 2. c4 g6 3. Nc3 d5 4. cxd5 Nxd5 5. d4 Bg7 6. e4 Nxc3 7. bxc3 c5 8.
Be3 Qa5 9. Nd2 cxd4 10. cxd4 O-O 11. Be2 Nc6 12. O-O f5 13. exf5 Bxf5 14. Nf3
Be6 15. Rb1 Bd5 16. a4 Qc7 17. Qc2 Qd7 18. Bc4 e6 19. Rfd1 Rac8 20. Bxd5 Qxd5
21. Rb5 Ne5 22. Qe2 Nxf3+ 23. gxf3 Qd7 24. d5 exd5 25. Rdxd5 Qh3 26. Rxb7 Rfe8
27. Rd1 Be5 28. f4 Bxf4 29. Qa2+ Kh8 30. Bd4+ Be5 31. Qb3 Qxh2+ 0-1

[Event "First Saturday FM-A Dec 2013"]
[Site "Budapest"]
[Date "2013.12.07"]
[Round "1.2"]
[White "Gal, Hanna Krisztina"]
[Black "Steer, Jozsef"]
[Result "1/2-1/2"]
[WhiteElo "2074"]
[BlackElo "1914"]
[PlyCount "81"]
[EventDate "2013.12.07"]

1. e4 c6 2. d4 d5 3. Nd2 dxe4 4. Nxe4 Bf5 5. Ng3 Bg6 6. h4 h6 7. Nf3 Nd7 8. h5
Bh7 9. Bd3 Bxd3 10. Qxd3 Qc7 11. Bd2 e6 12. O-O-O Ngf6 13. Kb1 O-O-O 14. Ne4
Be7 15. g3 Nxe4 16. Qxe4 Nf6 17. Qe2 Bd6 18. c4 c5 19. Bc3 Rhe8 20. Rc1 Kb8 21.
dxc5 Qxc5 22. Nd4 a6 23. Nb3 Qf5+ 24. Ka1 Bc7 25. c5 Qd3 26. Qe1 Rd5 27. Ba5
Rc8 28. Qb4 Bxa5 29. Nxa5 Qb5 30. Qxb5 axb5 31. b4 Rxh5 32. Rxh5 Nxh5 33. Rd1
Nf6 34. Nb3 Nd5 35. a3 b6 36. cxb6 Nxb6 37. Nd4 Nd5 38. Nxb5 Nc3 39. Nxc3 Rxc3
40. Kb2 Rf3 41. Rd2 1/2-1/2

[Event "First Saturday FM-A Dec 2013"]
[Site "Budapest"]
[Date "2013.12.07"]
[Round "1.3"]
[White "Furedi, Erik"]
[Black "Bohus, Adam"]
[Result "1-0"]
[WhiteElo "1989"]
[BlackElo "2013"]
[PlyCount "61"]
[EventDate "2013.12.07"]

1. e4 e5 2. Nf3 Nc6 3. Bc4 Bc5 4. b4 Bxb4 5. c3 Ba5 6. d4 d6 7. dxe5 dxe5 8.
Qb3 Qf6 9. O-O Bb6 10. Bd5 h6 11. Ba3 Bg4 12. Nbd2 Nge7 13. Bxe7 Qxe7 14. Qb5
Bd7 15. Bxc6 Bxc6 16. Qxe5 Rd8 17. Qxg7 Kd7 18. Ne5+ Kc8 19. Nxc6 bxc6 20. Qg4+
Kb7 21. Nb3 Rhg8 22. Qe2 Rd6 23. Kh1 Rdg6 24. g3 f5 25. a4 f4 26. Qd3 Qe5 27.
a5 fxg3 28. fxg3 Rxg3 29. hxg3 Rxg3 30. a6+ Kc8 31. Rf8+ 1-0

[Event "First Saturday FM-A Dec 2013"]
[Site "Budapest"]
[Date "2013.12.07"]
[Round "1.5"]
[White "Szalanczy, Emil"]
[Black "Lukacs, Albert"]
[Result "1-0"]
[WhiteElo "2245"]
[BlackElo "1938"]
[PlyCount "48"]
[EventDate "2013.12.07"]

1. e4 c6 2. d4 d5 3. e5 Bf5 4. Nf3 e6 5. Be2 c5 6. O-O Nc6 7. Be3 Nh6 8. c3 Ng4
9. Bf4 Be7 10. h3 Nh6 11. Qd2 Rg8 12. dxc5 Qc7 13. Na3 a6 14. b4 Be4 15. Rfe1
Bxf3 16. Bxf3 Nf5 17. Nc2 g5 18. Bh2 Nh4 19. Bh5 b6 20. Nd4 bxc5 21. Nxe6 Qd7
22. Nxc5 Bxc5 23. e6 Qa7 24. exf7+ Kf8 1-0

[Event "First Saturday FM-A Dec 2013"]
[Site "Budapest"]
[Date "2013.12.08"]
[Round "2.1"]
[White "Nagy, Aron"]
[Black "Lukacs, Albert"]
[Result "1/2-1/2"]
[WhiteElo "2127"]
[BlackElo "1938"]
[PlyCount "94"]
[EventDate "2013.12.07"]

1. Nf3 c5 2. g3 Nc6 3. Bg2 g6 4. c4 Bg7 5. Nc3 Nh6 6. h4 d6 7. d3 Bg4 8. h5 Qd7
9. hxg6 hxg6 10. Ng5 f6 11. Nge4 O-O-O 12. Qa4 Nf7 13. f4 Rxh1+ 14. Bxh1 Rh8
15. Nf2 Nfd8 16. Be3 Be6 17. Kd2 f5 18. Bf3 Kb8 19. Rh1 Qe8 20. Qd1 Bd7 21.
Rxh8 Qxh8 22. Qh1 Ne6 23. Qxh8+ Bxh8 24. Nfd1 Ncd4 25. Bg2 Nc7 26. Bf2 Bc6 27.
Bxc6 Nxc6 28. b3 Kc8 29. Ne3 Kd7 30. Ng2 Ke6 31. Nh4 Kf7 32. Nf3 Bf6 33. e3 e5
34. fxe5 dxe5 35. e4 Nd4 36. Nxd4 Bg5+ 37. Ke2 cxd4 38. Nd5 Ne6 39. b4 Bd8 40.
Be1 Ng5 41. exf5 gxf5 42. Bd2 Nh3 43. Kf3 b5 44. Kg2 bxc4 45. dxc4 Ng5 46. Bxg5
Bxg5 47. Kf2 Bd8 1/2-1/2

[Event "First Saturday FM-A Dec 2013"]
[Site "Budapest"]
[Date "2013.12.08"]
[Round "2.3"]
[White "Bohus, Adam"]
[Black "Berta, Sandor"]
[Result "1-0"]
[WhiteElo "2013"]
[BlackElo "1969"]
[PlyCount "99"]
[EventDate "2013.12.07"]

1. d4 Nf6 2. c4 g6 3. f3 Bg7 4. e4 d6 5. Nc3 O-O 6. Be3 c5 7. dxc5 dxc5 8. Qxd8
Rxd8 9. Bxc5 Nc6 10. Nge2 Nd7 11. Be3 Nde5 12. Nf4 b6 13. Be2 Ba6 14. Nb5 Nb4
15. Kf2 Nc2 16. Rac1 Nxe3 17. Kxe3 Rac8 18. Nd5 Nc6 19. b3 e6 20. Ndc3 Bxb5 21.
Nxb5 a6 22. Nc3 g5 23. Kf2 Bd4+ 24. Kg3 Be5+ 25. Kf2 Bd4+ 26. Kg3 Be5+ 27. Kf2
Rd2 28. Rhd1 Rcd8 29. Ke1 Bf4 30. Na4 Nb4 31. a3 Nd3+ 32. Bxd3 R8xd3 33. Rxd2
Rxd2 34. g3 Re2+ 35. Kxe2 Bxc1 36. Nxb6 Bxa3 37. Nd7 f5 38. Nb8 a5 39. Nc6 Bd6
40. Nxa5 Kf7 41. Kd3 h5 42. Kd4 Bb4 43. Nc6 Be1 44. Ne5+ Ke7 45. Nd3 Bd2 46.
exf5 exf5 47. Ke5 g4 48. f4 Be3 49. Kxf5 Bg1 50. Kg5 1-0

[Event "First Saturday FM-A Dec 2013"]
[Site "Budapest"]
[Date "2013.12.08"]
[Round "2.4"]
[White "Steer, Jozsef"]
[Black "Furedi, Erik"]
[Result "1/2-1/2"]
[WhiteElo "1914"]
[BlackElo "1989"]
[PlyCount "81"]
[EventDate "2013.12.07"]

1. e4 e5 2. Nf3 Nc6 3. Bc4 Be7 4. d4 d6 5. dxe5 Nxe5 6. Nxe5 dxe5 7. Qh5 g6 8.
Qxe5 Nf6 9. Bh6 Qd6 10. Qxd6 cxd6 11. Nc3 Be6 12. Bb5+ Kd8 13. f3 Nd7 14. O-O-O
Nb6 15. Be3 Kc7 16. Be2 a6 17. Bxb6+ Kxb6 18. Nd5+ Bxd5 19. Rxd5 Rhd8 20. Rhd1
Rac8 21. R1d3 Rc6 22. f4 Rdc8 23. c3 Ka7 24. g4 b5 25. a3 f6 26. Bf3 Bf8 27.
Kd2 Rc5 28. h4 h6 29. Ke3 g5 30. hxg5 hxg5 31. fxg5 fxg5 32. Rf5 Be7 33. Rf7
R5c7 34. Rd5 Kb6 35. Rdf5 Rh8 36. Kf2 Rh6 37. Kg2 Re6 38. Rh7 Rc5 39. Rff7 Rce5
40. Rh8 Rf6 41. Rxf6 1/2-1/2

[Event "First Saturday FM-A Dec 2013"]
[Site "Budapest"]
[Date "2013.12.08"]
[Round "2.5"]
[White "Juhasz, Bela"]
[Black "Gal, Hanna Krisztina"]
[Result "1/2-1/2"]
[WhiteElo "2141"]
[BlackElo "2074"]
[PlyCount "51"]
[EventDate "2013.12.07"]

1. d4 Nf6 2. c4 g6 3. Nc3 Bg7 4. e4 d6 5. Nf3 O-O 6. Be2 e5 7. O-O Nc6 8. d5
Ne7 9. Ne1 Nd7 10. Be3 f5 11. f3 f4 12. Bf2 g5 13. a4 Ng6 14. a5 Rf7 15. b4 Nf6
16. c5 Bf8 17. c6 h5 18. Kh1 Rg7 19. cxb7 Bxb7 20. a6 Bc8 21. Nb5 g4 22. Nxa7
g3 23. Bg1 Rxa7 24. Bxa7 c5 25. Bxc5 dxc5 26. d6 1/2-1/2

[Event "First Saturday FM-A Dec 2013"]
[Site "Budapest"]
[Date "2013.12.09"]
[Round "3.1"]
[White "Gal, Hanna Krisztina"]
[Black "Nagy, Aron"]
[Result "1-0"]
[WhiteElo "2074"]
[BlackElo "2127"]
[PlyCount "53"]
[EventDate "2013.12.07"]

1. e4 c5 2. Nf3 d6 3. c3 Nf6 4. Be2 g6 5. O-O Bg7 6. d3 O-O 7. Nbd2 Nc6 8. Re1
e5 9. Bf1 Re8 10. a4 d5 11. Qc2 b6 12. exd5 Nxd5 13. Nc4 Bb7 14. Bg5 f6 15. Bh4
Qd7 16. Bg3 Rad8 17. Rad1 Nc7 18. d4 cxd4 19. cxd4 Nb4 20. Qb3 Nbd5 21. dxe5
fxe5 22. Ncxe5 Qc8 23. Rc1 Qe6 24. Nc6 Ne3 25. Qxe6+ Nxe6 26. Nxd8 Nxf1 27.
Nxb7 1-0

[Event "First Saturday FM-A Dec 2013"]
[Site "Budapest"]
[Date "2013.12.09"]
[Round "3.2"]
[White "Furedi, Erik"]
[Black "Juhasz, Bela"]
[Result "1/2-1/2"]
[WhiteElo "1989"]
[BlackElo "2141"]
[PlyCount "49"]
[EventDate "2013.12.07"]

1. e4 c5 2. Nf3 e6 3. d4 cxd4 4. Nxd4 a6 5. a3 Nf6 6. Nc3 d6 7. Be3 Be7 8. f4
Qc7 9. Be2 O-O 10. O-O Nc6 11. Bf3 Nxd4 12. Qxd4 e5 13. fxe5 dxe5 14. Qb6 Qxb6
15. Bxb6 Be6 16. Rad1 Rac8 17. Ba5 h6 18. Rd2 Bc5+ 19. Kh1 Be3 20. Rd6 Bc5 21.
Rd2 Be3 22. Rd6 Bc5 23. Rd2 Be3 24. Rd6 Bc5 25. Rd2 1/2-1/2

[Event "First Saturday FM-A Dec 2013"]
[Site "Budapest"]
[Date "2013.12.09"]
[Round "3.3"]
[White "Berta, Sandor"]
[Black "Steer, Jozsef"]
[Result "1-0"]
[WhiteElo "1969"]
[BlackElo "1914"]
[PlyCount "75"]
[EventDate "2013.12.07"]

1. g3 d5 2. Bg2 c6 3. d3 Bf5 4. Nd2 Nf6 5. e4 dxe4 6. dxe4 Bg6 7. Qe2 e6 8.
Ngf3 Bh5 9. h3 Bxf3 10. Nxf3 Qb6 11. O-O Nbd7 12. a3 Be7 13. e5 Nd5 14. c4 Nc7
15. Be3 Bc5 16. Bxc5 Qxc5 17. b4 Qe7 18. Nd2 a6 19. Ne4 O-O 20. Nd6 Rab8 21.
Rfd1 Rfd8 22. Rd3 Ne8 23. Rad1 Nxd6 24. exd6 Qf6 25. Be4 g6 26. Qe3 Qe5 27. f4
Qg7 28. Qd2 Nf6 29. Bg2 Rd7 30. a4 Rbd8 31. Qb2 Ne8 32. Qe5 Qxe5 33. fxe5 f6
34. c5 f5 35. b5 axb5 36. axb5 cxb5 37. Rb3 Rc8 38. Rxb5 1-0

[Event "First Saturday FM-A Dec 2013"]
[Site "Budapest"]
[Date "2013.12.09"]
[Round "3.4"]
[White "Szalanczy, Emil"]
[Black "Bohus, Adam"]
[Result "1/2-1/2"]
[WhiteElo "2245"]
[BlackElo "2013"]
[PlyCount "111"]
[EventDate "2013.12.07"]

1. e4 e5 2. Nf3 Nc6 3. Bb5 a6 4. Ba4 Nf6 5. O-O Be7 6. Re1 b5 7. Bb3 d6 8. c3
O-O 9. h3 Na5 10. Bc2 c5 11. d4 Nd7 12. d5 Nb6 13. Nbd2 Bd7 14. Nf1 Nb7 15. Ng3
g6 16. Bh6 Re8 17. b3 c4 18. b4 a5 19. a3 Qc7 20. Qd2 Ra6 21. Ng5 Rea8 22. Rac1
Nd8 23. f4 f6 24. Nf3 Nf7 25. fxe5 dxe5 26. Be3 axb4 27. axb4 Ra2 28. Qd1 R2a3
29. Bb1 Na4 30. Qd2 Rb3 31. Rf1 Nxc3 32. Rxc3 Bxb4 33. Ne2 Bxc3 34. Nxc3 b4 35.
d6 bxc3 36. dxc7 cxd2 37. Nxd2 Rb7 38. Nxc4 Rxc7 39. Nb6 Ra1 40. Nd5 Rb7 41.
Nxf6+ Kg7 42. Nxd7 Rbxb1 43. Rxb1 Rxb1+ 44. Kf2 Rd1 45. Nc5 Kf6 46. h4 Ra1 47.
g4 Ra2+ 48. Kf3 Ra3 49. Ke2 Ra2+ 50. Kf3 Rc2 51. Nd7+ Ke6 52. Nb6 Kd6 53. Na4
Ke6 54. Nb6 Kd6 55. Na4 Ke6 56. Nb6 1/2-1/2

[Event "First Saturday FM-A Dec 2013"]
[Site "Budapest"]
[Date "2013.12.09"]
[Round "3.5"]
[White "Lukacs, Albert"]
[Black "Kaufmann, Attila"]
[Result "1/2-1/2"]
[WhiteElo "1938"]
[BlackElo "1970"]
[PlyCount "29"]
[EventDate "2013.12.07"]

1. e4 c6 2. d4 d5 3. exd5 cxd5 4. Nf3 Nf6 5. Bd3 Nc6 6. O-O Bg4 7. c3 e6 8. Bf4
Bd6 9. Bxd6 Qxd6 10. Nbd2 O-O 11. Qc2 Rac8 12. a3 Bh5 13. Rfe1 Bg6 14. Bxg6
hxg6 15. Qd3 1/2-1/2

[Event "First Saturday FM-A Dec 2013"]
[Site "Budapest"]
[Date "2013.12.10"]
[Round "4.1"]
[White "Nagy, Aron"]
[Black "Kaufmann, Attila"]
[Result "1/2-1/2"]
[WhiteElo "2127"]
[BlackElo "1970"]
[PlyCount "34"]
[EventDate "2013.12.07"]

1. Nf3 Nf6 2. c4 c6 3. g3 g6 4. b3 Bg7 5. Bb2 d6 6. d4 Na6 7. Bg2 Bf5 8. O-O
Qd7 9. Nc3 O-O 10. Qd2 Bh3 11. e4 Rad8 12. d5 Bxg2 13. Kxg2 Nc5 14. Rae1 Qg4
15. Qc2 Nh5 16. Nd2 Nf4+ 17. Kh1 Nfd3 1/2-1/2

[Event "First Saturday FM-A Dec 2013"]
[Site "Budapest"]
[Date "2013.12.10"]
[Round "4.2"]
[White "Bohus, Adam"]
[Black "Lukacs, Albert"]
[Result "1-0"]
[WhiteElo "2013"]
[BlackElo "1938"]
[PlyCount "95"]
[EventDate "2013.12.07"]

1. d4 Nf6 2. c4 d5 3. cxd5 Nxd5 4. e4 Nb6 5. Nc3 a6 6. Nf3 Bg4 7. Be2 N8d7 8.
Bg5 Nf6 9. O-O h6 10. Bh4 g5 11. Bg3 Bg7 12. a4 e6 13. a5 Nc8 14. Qb3 Ra7 15.
Rad1 O-O 16. d5 Qe7 17. Rfe1 Bxf3 18. Bxf3 e5 19. Be2 Nd6 20. f3 Nd7 21. Bf2
Raa8 22. Bf1 Bf6 23. Na4 Kg7 24. Rc1 Rfc8 25. Rc2 Qf8 26. Rec1 Bd8 27. Nc5 Nxc5
28. Bxc5 Rcb8 29. Qc3 Qe7 30. Qe1 Qf6 31. Qg3 Be7 32. Be3 Ne8 33. Bd2 Kh7 34.
Qh3 Bd6 35. Qd7 Qg6 36. Qa4 Rc8 37. Qb3 Rab8 38. Be3 Nf6 39. Ba7 Ra8 40. Qxb7
g4 41. Kh1 Rg8 42. Bd3 Qg5 43. f4 Qg6 44. Bc5 Rab8 45. Qxa6 Bxc5 46. Rxc5 Rxb2
47. fxe5 Nxe4 48. Qxg6+ 1-0

[Event "First Saturday FM-A Dec 2013"]
[Site "Budapest"]
[Date "2013.12.10"]
[Round "4.3"]
[White "Steer, Jozsef"]
[Black "Szalanczy, Emil"]
[Result "0-1"]
[WhiteElo "1914"]
[BlackElo "2245"]
[PlyCount "68"]
[EventDate "2013.12.07"]

1. e4 c5 2. Nf3 d6 3. d4 cxd4 4. Nxd4 Nf6 5. Nc3 g6 6. Bb5+ Bd7 7. Bxd7+ Nbxd7
8. Be3 Bg7 9. f3 Rc8 10. Qd2 O-O 11. O-O Ne5 12. b3 Re8 13. Nd5 a6 14. c4 e6
15. Nxf6+ Qxf6 16. Rad1 Nc6 17. Nxc6 Rxc6 18. Bd4 Qe7 19. Bxg7 Kxg7 20. Rfe1 b5
21. cxb5 axb5 22. Qd4+ e5 23. Qf2 Rec8 24. Rd2 Rc1 25. g3 b4 26. Rxc1 Rxc1+ 27.
Kg2 Qc7 28. Qe2 Qc3 29. Kh3 h5 30. Qd3 h4 31. Qxd6 hxg3 32. Kxg3 g5 33. Qd3
Rg1+ 34. Kh3 Qc8+ 0-1

[Event "First Saturday FM-A Dec 2013"]
[Site "Budapest"]
[Date "2013.12.10"]
[Round "4.4"]
[White "Juhasz, Bela"]
[Black "Berta, Sandor"]
[Result "0-1"]
[WhiteElo "2141"]
[BlackElo "1969"]
[PlyCount "88"]
[EventDate "2013.12.07"]

1. d4 Nf6 2. c4 g6 3. Nc3 Bg7 4. e4 d6 5. f3 O-O 6. Be3 c5 7. Nge2 Qa5 8. Qd2
Nc6 9. Rc1 a6 10. b3 Nd7 11. d5 Nce5 12. h3 Nf6 13. f4 Ned7 14. Ng3 b5 15. Bd3
e6 16. O-O exd5 17. cxd5 Re8 18. Kh1 Bb7 19. Nd1 Qd8 20. Bg1 Rc8 21. Nf2 Nb6
22. Ne2 Re7 23. b4 Qe8 24. bxc5 dxc5 25. d6 Re6 26. Bb1 Nxe4 27. Nxe4 Bxe4 28.
Bxe4 Rxe4 29. Ng3 Rc4 30. Rfe1 Qc6 31. Rcd1 Bc3 32. Qe2 Bxe1 33. Qxe1 Re8 34.
Qd2 Rd8 35. f5 Nd7 36. Nh5 Rh4 37. Qg5 Rxh3+ 38. Bh2 Re8 39. Nf6+ Nxf6 40. Qxf6
Re2 41. Qd8+ Kg7 42. f6+ Kh6 43. Qf8+ Kh5 44. Rg1 Qe4 0-1

[Event "First Saturday FM-A Dec 2013"]
[Site "Budapest"]
[Date "2013.12.10"]
[Round "4.5"]
[White "Gal, Hanna Krisztina"]
[Black "Furedi, Erik"]
[Result "1-0"]
[WhiteElo "2074"]
[BlackElo "1989"]
[PlyCount "117"]
[EventDate "2013.12.07"]

1. e4 e5 2. Nf3 Nc6 3. Bb5 g6 4. O-O Bg7 5. c3 Nge7 6. d4 exd4 7. cxd4 O-O 8.
d5 Ne5 9. Nxe5 Bxe5 10. Nc3 a6 11. Ba4 b5 12. Bb3 d6 13. Bh6 Re8 14. f4 Bg7 15.
Bxg7 Kxg7 16. Qd4+ f6 17. h3 Bb7 18. Rad1 Nc8 19. Rde1 Qe7 20. a4 Nb6 21. Rf2
bxa4 22. Nxa4 Rab8 23. Nxb6 cxb6 24. Rfe2 b5 25. e5 Kf7 26. Re3 fxe5 27. fxe5
Rbc8 28. Qf4+ Kg8 29. exd6 Qf8 30. Qxf8+ Rxf8 31. Re7 Ba8 32. d7 Rcd8 33. d6+
Kh8 34. Re8 Bc6 35. Rxd8 Rxd8 36. Re8+ Rxe8 37. dxe8=Q+ Bxe8 38. Be6 Kg7 39. d7
Bxd7 40. Bxd7 Kf6 41. Kf2 Ke5 42. Bc8 a5 43. Bd7 b4 44. b3 Ke4 45. Kg3 Ke5 46.
Kg4 Kf6 47. h4 Ke7 48. Bb5 Kf6 49. Kf4 Ke6 50. Ke4 Kd6 51. Kd4 Ke6 52. g4 Kd6
53. h5 g5 54. h6 Ke6 55. Bd3 Kf6 56. Bxh7 Kf7 57. Bd3 Kg8 58. Kc4 Kh8 59. Kb5
1-0

[Event "First Saturday FM-A Dec 2013"]
[Site "Budapest"]
[Date "2013.12.11"]
[Round "5.1"]
[White "Furedi, Erik"]
[Black "Nagy, Aron"]
[Result "1/2-1/2"]
[WhiteElo "1989"]
[BlackElo "2127"]
[PlyCount "85"]
[EventDate "2013.12.07"]

1. e4 c5 2. Nf3 d6 3. d4 cxd4 4. Nxd4 Nf6 5. Nc3 g6 6. Be3 Bg7 7. Be2 O-O 8. f3
Nc6 9. Qd2 Nxd4 10. Bxd4 Be6 11. O-O Qa5 12. Rad1 Rfc8 13. a3 Nd7 14. Bxg7 Kxg7
15. Qd4+ f6 16. Rd2 Nb6 17. Nd5 Bxd5 18. exd5 Qc5 19. Qxc5 Rxc5 20. Rfd1 Na4
21. c3 Rac8 22. Kf2 b5 23. g3 a6 24. f4 Nb6 25. Bf3 Kf7 26. Re2 a5 27. h4 h6
28. h5 g5 29. fxg5 fxg5 30. Bg4 Rf8 31. Kg2 Rc7 32. Rf1+ Kg7 33. Rxf8 Kxf8 34.
Rf2+ Kg7 35. Be6 Nc4 36. Rf7+ Kh8 37. Rf8+ Kg7 38. Rg8+ Kh7 39. Rg6 Ne5 40. Rg8
Rb7 41. Ra8 a4 42. Rf8 Kg7 43. Rg8+ 1/2-1/2

[Event "First Saturday FM-A Dec 2013"]
[Site "Budapest"]
[Date "2013.12.11"]
[Round "5.2"]
[White "Berta, Sandor"]
[Black "Gal, Hanna Krisztina"]
[Result "0-1"]
[WhiteElo "1969"]
[BlackElo "2074"]
[PlyCount "68"]
[EventDate "2013.12.07"]

1. d4 d5 2. Nf3 c5 3. c3 Nc6 4. e3 e6 5. Nbd2 Nf6 6. Bd3 Bd6 7. O-O O-O 8. Re1
e5 9. dxe5 Nxe5 10. Nxe5 Bxe5 11. Qc2 h6 12. c4 b6 13. Nf3 Bd6 14. cxd5 Nxd5
15. Be4 Nb4 16. Qc3 Rb8 17. a3 Qe7 18. axb4 Qxe4 19. bxc5 Bxc5 20. Qe5 Qxe5 21.
Nxe5 a5 22. Bd2 Be6 23. Bc3 Ra8 24. Red1 Rfc8 25. Nd3 Be7 26. Nf4 Bb3 27. Rd7
Bc5 28. Nh5 Bf8 29. h3 a4 30. Nf4 a3 31. Nd3 b5 32. Rb7 Bc4 33. Rd7 Bxd3 34.
Rxd3 axb2 0-1

[Event "First Saturday FM-A Dec 2013"]
[Site "Budapest"]
[Date "2013.12.11"]
[Round "5.3"]
[White "Szalanczy, Emil"]
[Black "Juhasz, Bela"]
[Result "1-0"]
[WhiteElo "2245"]
[BlackElo "2141"]
[PlyCount "32"]
[EventDate "2013.12.07"]

1. e4 c5 2. Nf3 e6 3. d4 cxd4 4. Nxd4 a6 5. Nc3 Qc7 6. f4 d6 7. Be3 Nf6 8. Bd3
Be7 9. Qf3 O-O 10. O-O-O Nc6 11. Kb1 e5 12. Nf5 Bxf5 13. exf5 d5 14. fxe5 Nxe5
15. Qh3 Rad8 16. Bd4 Bc5 1-0

[Event "First Saturday FM-A Dec 2013"]
[Site "Budapest"]
[Date "2013.12.11"]
[Round "5.4"]
[White "Lukacs, Albert"]
[Black "Steer, Jozsef"]
[Result "1/2-1/2"]
[WhiteElo "1938"]
[BlackElo "1914"]
[PlyCount "29"]
[EventDate "2013.12.07"]

1. e4 c6 2. d4 d5 3. e5 Bf5 4. Nf3 e6 5. Bd3 Bxd3 6. Qxd3 Qb6 7. Nc3 Nd7 8. O-O
Ne7 9. Be3 Ng6 10. Rab1 Be7 11. h3 O-O 12. Rfe1 c5 13. dxc5 Bxc5 14. Bxc5 Nxc5
15. Qe2 1/2-1/2

[Event "First Saturday FM-A Dec 2013"]
[Site "Budapest"]
[Date "2013.12.11"]
[Round "5.5"]
[White "Kaufmann, Attila"]
[Black "Bohus, Adam"]
[Result "0-1"]
[WhiteElo "1970"]
[BlackElo "2013"]
[PlyCount "68"]
[EventDate "2013.12.07"]

1. d4 d5 2. c4 dxc4 3. e3 Nf6 4. Bxc4 e6 5. Nf3 a6 6. Nc3 c5 7. O-O b5 8. Bb3
Bb7 9. Qe2 Nbd7 10. Rd1 Qb6 11. Bc2 Bd6 12. e4 cxd4 13. Nxd4 O-O 14. Be3 Qc7
15. g3 Rac8 16. Rac1 Qb8 17. a3 Bxa3 18. Bb3 Bd6 19. f3 Nc5 20. Bc2 Rfd8 21.
Qf1 Be5 22. Qf2 b4 23. Nce2 b3 24. Bb1 Na4 25. Nc3 Nxc3 26. bxc3 a5 27. Nxb3
Rxd1+ 28. Rxd1 Bxe4 29. Nd2 Ba8 30. c4 Qd6 31. c5 Qd5 32. Qe2 Bd4 33. Be4 Nxe4
34. fxe4 Qxc5 0-1

[Event "First Saturday FM-A Dec 2013"]
[Site "Budapest"]
[Date "2013.12.13"]
[Round "6.2"]
[White "Steer, Jozsef"]
[Black "Kaufmann, Attila"]
[Result "1/2-1/2"]
[WhiteElo "1914"]
[BlackElo "1970"]
[PlyCount "85"]
[EventDate "2013.12.07"]

1. e4 c6 2. d4 d5 3. exd5 cxd5 4. Bd3 Nc6 5. c3 Nf6 6. h3 g6 7. Nf3 Bg7 8. Bf4
O-O 9. Nbd2 Nd7 10. O-O Re8 11. Re1 Kh8 12. Nf1 Nb6 13. Ne5 Nxe5 14. Bxe5 f6
15. Bg3 e5 16. dxe5 fxe5 17. Bb5 Bd7 18. Bxd7 Qxd7 19. Qb3 Qc6 20. Ne3 Rad8 21.
Nc2 Nc4 22. Rad1 a5 23. Ne3 a4 24. Qc2 Nxe3 25. fxe3 e4 26. Qd2 Qc4 27. a3 Kg8
28. Rf1 h6 29. Rf2 Rf8 30. Rxf8+ Kxf8 31. Rf1+ Ke7 32. Bh4+ g5 33. Bg3 Rf8 34.
Rf2 Rxf2 35. Bxf2 Qd3 36. Be1 Qxd2 37. Bxd2 Kd6 38. Kf1 Kc5 39. Ke2 Kc4 40. Bc1
Be5 41. Kd2 Kb3 42. Kd1 b5 43. g4 1/2-1/2

[Event "First Saturday FM-A Dec 2013"]
[Site "Budapest"]
[Date "2013.12.13"]
[Round "6.3"]
[White "Juhasz, Bela"]
[Black "Lukacs, Albert"]
[Result "1-0"]
[WhiteElo "2141"]
[BlackElo "1938"]
[PlyCount "75"]
[EventDate "2013.12.07"]

1. Nf3 Nf6 2. c4 c5 3. Nc3 Nc6 4. g3 e6 5. Bg2 Be7 6. O-O a6 7. d4 cxd4 8. Nxd4
Qc7 9. b3 h5 10. h4 Ng4 11. Ne4 O-O 12. Bb2 f5 13. Ng5 Nf6 14. e4 Nxd4 15. Bxd4
e5 16. Bb2 d6 17. Rc1 Qc5 18. exf5 Bxf5 19. Bxb7 Ra7 20. Bg2 g6 21. Qd2 Rb8 22.
Kh1 Rd7 23. f4 a5 24. Rc3 Ng4 25. Ne4 Qb6 26. Rd3 Rbd8 27. Bc3 Qa6 28. Rd5 a4
29. Nf2 Nf6 30. Ra5 Qb6 31. Rb5 Qa7 32. Ra5 Qb6 33. Rxa4 d5 34. c5 Bxc5 35. Ba5
Qb5 36. Bxd8 Rxd8 37. fxe5 Nd7 38. Qxd5+ 1-0

[Event "First Saturday FM-A Dec 2013"]
[Site "Budapest"]
[Date "2013.12.13"]
[Round "6.4"]
[White "Gal, Hanna Krisztina"]
[Black "Szalanczy, Emil"]
[Result "1-0"]
[WhiteElo "2074"]
[BlackElo "2245"]
[PlyCount "171"]
[EventDate "2013.12.07"]

1. e4 c5 2. Nf3 d6 3. c3 Nf6 4. Be2 g6 5. O-O Bg7 6. d3 O-O 7. Nbd2 e5 8. a3 h6
9. b4 Nc6 10. Bb2 Nh5 11. Re1 b6 12. Nb3 Nf4 13. Bf1 Bg4 14. h3 Be6 15. d4 exd4
16. cxd4 c4 17. Qc1 d5 18. Qxf4 cxb3 19. exd5 Bxd5 20. Ne5 Qg5 21. Qxg5 hxg5
22. Nxc6 Bxc6 23. Bc4 Rad8 24. Bxb3 Bxd4 25. Bxd4 Rxd4 26. Rad1 Rxd1 27. Rxd1
Re8 28. Rd6 Re1+ 29. Kh2 Be4 30. Rd7 Rb1 31. Bxf7+ Kf8 32. Rxa7 Rf1 33. f3 Bd3
34. Bd5 Re1 35. Rb7 b5 36. Bc6 Re5 37. Be4 Bxe4 38. fxe4 Ke8 39. Rc7 g4 40. Rc5
Rxe4 41. Rxb5 Re3 42. Rg5 gxh3 43. Rg3 Re4 44. Kxh3 Kf7 45. Rb3 Ke7 46. Kg3 Kd7
47. Rc3 Re2 48. Kf3 Rb2 49. g3 Kd6 50. Ke4 Rb1 51. Kd4 g5 52. Ke4 Ke6 53. Kf3
Ke5 54. Rc5+ Kf6 55. Ra5 Rc1 56. Ra6+ Kf5 57. Ra5+ Kf6 58. Rc5 Rb1 59. Rc3 Kf5
60. Ke3 Ke5 61. Kd3 g4 62. Kc4 Kd6 63. Kb5 Ke5 64. a4 Rf1 65. a5 Rf3 66. Kc4
Rf1 67. b5 Kd6 68. Kd4 Rb1 69. b6 Rb4+ 70. Rc4 Rb3 71. a6 Rxb6 72. Ra4 Rb8 73.
a7 Ra8 74. Ke4 Kc6 75. Kf4 Kb7 76. Kxg4 Rg8+ 77. Kf3 Ka8 78. g4 Rf8+ 79. Kg3
Rg8 80. Ra5 Rf8 81. g5 Rf1 82. Kg4 Rg1+ 83. Kh5 Rh1+ 84. Kg6 Rh8 85. Kg7 Rh5
86. Kf6 1-0

[Event "First Saturday FM-A Dec 2013"]
[Site "Budapest"]
[Date "2013.12.13"]
[Round "6.5"]
[White "Furedi, Erik"]
[Black "Berta, Sandor"]
[Result "1-0"]
[WhiteElo "1989"]
[BlackElo "1969"]
[PlyCount "49"]
[EventDate "2013.12.07"]

1. e4 c5 2. Nf3 Nc6 3. d4 cxd4 4. Nxd4 Nf6 5. Nc3 e5 6. Ndb5 d6 7. Bg5 a6 8.
Na3 b5 9. Bxf6 gxf6 10. Nd5 f5 11. exf5 Bxf5 12. Bd3 Be6 13. Be4 Rc8 14. c3 Bg7
15. Qd3 Ne7 16. Nxe7 Qxe7 17. Nc2 Bh6 18. Nb4 Bc4 19. Qh3 Qe6 20. Bf5 Qf6 21.
Bxc8 Qf4 22. Qe3 Qf6 23. Qf3 Qg5 24. Rd1 O-O 25. Qg4 1-0

[Event "First Saturday FM-A Dec 2013"]
[Site "Budapest"]
[Date "2013.12.14"]
[Round "7.1"]
[White "Berta, Sandor"]
[Black "Nagy, Aron"]
[Result "0-1"]
[WhiteElo "1969"]
[BlackElo "2127"]
[PlyCount "78"]
[EventDate "2013.12.07"]

1. e4 c5 2. Nf3 d6 3. c3 Nf6 4. Bd3 g6 5. Bc2 Bg7 6. d4 O-O 7. O-O Nc6 8. h3
cxd4 9. cxd4 Nb4 10. Bb3 d5 11. e5 Ne4 12. a3 Nc6 13. Nbd2 e6 14. Bc2 Nxd2 15.
Bxd2 Qb6 16. Bc3 Bd7 17. Qd2 f6 18. Rac1 fxe5 19. Nxe5 Nxe5 20. dxe5 Bb5 21.
Rfe1 Rf7 22. a4 Bc6 23. b4 a6 24. Bd4 Qd8 25. Qe3 Qh4 26. Rb1 Bh6 27. Qd3 Raf8
28. Bc5 d4 29. Qxd4 Rf4 30. Qd6 Rxf2 31. Qxe6+ Kh8 32. Qg4 Qxg4 33. hxg4 Rxg2+
34. Kh1 Rxc2+ 35. Kg1 Rg2+ 36. Kh1 Rxg4+ 37. Kh2 Bf4+ 38. Kh3 Rg3+ 39. Kh2 Rf5
0-1